Le Quéléthon (click quiz) - Statistiques

Statistiques générales
  • Ce quiz a été pris 61 fois
  • Le résultat moyen est 10 sur 12
Statistiques - réponses
Hint Réponse % Correct
lieu préféré Andorre-la-Vieille
88%
prénom Jean-Eudes
87%
feuilleton préféré Les feux de l'amour
87%
légume préféré La rutabaga
85%
animal préféré Le serpent pénis
83%
métier Vendeur automobile-vétérinaire
83%
sport préféré La Pole Dance
81%
magazine préféré Playboy
81%
acteur préféré Raimu
79%
pays préféré Eswatini
75%
hobby Le naturisme
67%
arbre préféré Le Tetrameles Nudiflora
65%
Aucun quiz correspondant
Distribution des résultats
% des personnes avec chaque résultat
Percentile par nombre de réponses
Votre historique - résultats
Vous n’avez pas pris ce quiz